000
00331nam a22001337a 4500
008
170907b xxu||||| |||| 00| 0 eng d
020
_a
0809416395
041
_a
eng
080
_a
721
100
_a
41
101
_a
NDI
245
_a
HOW THINGS WORK IN YOUR HOME AND WHAT TO DO WHEN THEY DON;T
_c
TIME LIFE BOOKS
942
_2
udc
_c
BK
999
_c
26577
_d
26577